Kenya Law Reports 2014 /
Saved in:
| Institution som forfatter: | |
|---|---|
| Format: | Bog |
| Sprog: | engelsk |
| Udgivet: |
Nairobi
The National Council for Law Reporting
2018
|
| Fag: | |
| Tags: |
Ingen Tags, Vær først til at tagge denne postø!
|
MARC
| LEADER | 00000nam a22000007a 4500 | ||
|---|---|---|---|
| 003 | KE-NaDUL | ||
| 005 | 20180905152908.0 | ||
| 008 | 180905b xxu||||| |||| 00| 0 eng d | ||
| 999 | |c 199261 |d 199261 | ||
| 020 | |a 9966821570 | ||
| 040 | |a DUL |c DUL |d jkimani | ||
| 245 | |a Kenya Law Reports 2014 / | ||
| 260 | |a Nairobi |b The National Council for Law Reporting |c 2018 | ||
| 300 | |a lxxiv, 601 p. | ||
| 490 | |v vol. 2 | ||
| 650 | |a Law |z Kenya |9 2839 | ||
| 650 | |a Law reports, digests, etc |z Kenya |9 2840 | ||
| 710 | |a The National Council for Law Reporting |9 2841 | ||
| 942 | |2 lcc |c G |h KSK18 |i .K4 |k REF |m 2018 |6 KSK0018 K4 | ||